Southville International School and Colleges
Your cart is empty.
  • Cart
  • Lists
    Public lists Eva Luna New books Lux_list list_1
    Your lists Log in to create your own lists
  • Log in to your account
  • Your cookies
  • Search history
Southville International School and Colleges
  • Advanced search
  • Recent comments
  • Most popular
  • Libraries

Log in to your account

Log in with GOOGLE


If you do not have an external account, but do have a local account, you can still log in:

  1. Home
  2. MARC view: Programming in C++
Normal view MARC view ISBD view

Programming in C++ (Record no. 305543)

[ view plain ]
MARC details
000 -LEADER
fixed length control field 00450nam a2200181Ia 4500
008 - FIXED-LENGTH DATA ELEMENTS--GENERAL INFORMATION
fixed length control field 170203s9999 xx 000 0 und d
020 ## - INTERNATIONAL STANDARD BOOK NUMBER
International Standard Book Number 9714206545
050 ## - LIBRARY OF CONGRESS CALL NUMBER
Classification number 5.1
050 ## - LIBRARY OF CONGRESS CALL NUMBER
Item number .T551p 2006
100 ## - MAIN ENTRY--PERSONAL NAME
Personal name Tiamson, Juan Alvin B.
245 ## - TITLE STATEMENT
Title Programming in C++
245 ## - TITLE STATEMENT
Statement of responsibility, etc Juan Alvin B. Tiamson.
260 ## - PUBLICATION, DISTRIBUTION, ETC. (IMPRINT)
Place of publication, distribution, etc Philippines :
260 ## - PUBLICATION, DISTRIBUTION, ETC. (IMPRINT)
Name of publisher, distributor, etc Trinitas Publishing, Inc.
300 ## - PHYSICAL DESCRIPTION
Extent 285 pages :
300 ## - PHYSICAL DESCRIPTION
Dimensions 25 cm.
650 ## - SUBJECT ADDED ENTRY--TOPICAL TERM
Topical term or geographic name as entry element Programming.
Holdings
Withdrawn status Lost status Damaged status Home library Current library Shelving location Date acquired Total Checkouts Full call number Barcode Date last seen Price effective from Koha item type
      Stonyhurst Southville International School (Batangas) Stonyhurst Southville International School (Batangas)   02/03/2017   005.1 .T551p 2006 LS-1139 02/03/2017 02/03/2017 Books

Programming in C++

APA

Tiamson J. A. B., .Programming in C++. Philippines: .

Chicago

Tiamson Juan Alvin B, .Programming in C++. Philippines: .

Harvard

Tiamson J. A. B., .Programming in C++. Philippines: .

MLA

Tiamson Juan Alvin B, .Philippines: . .

  • Place hold
  • Print
  • Cite
  • Add to your cart (remove)
  • Save record
    BIBTEX Dublin Core MARCXML MARC (non-Unicode/MARC-8) MARC (Unicode/UTF-8) MARC (Unicode/UTF-8, Standard) MODS (XML) RIS
  • More searches
    Search for this title in:
    Other Libraries (WorldCat) Other Databases (Google Scholar) Online Stores (Bookfinder.com) Open Library (openlibrary.org)

Exporting to Dublin Core...

SOUTHVILLE LIBRARY

Southville International School and Colleges Library

1281 Tropical Ave. Cor. Luxembourg St., BF Homes International, Las Pinas City

Tel. No. 8256374 / 252358 Loc. 117/146

Powered by Koha